| 000 | 01404nas1a22002891i 4500 | ||
|---|---|---|---|
| 001 | RU\NLR\Per\567894 | ||
| 005 | 20260406212942.0 | ||
| 035 | _a(NLR Aleph) 002811026 | ||
| 090 |
_a2668698 _c2668698 |
||
| 100 | _a20080918a20089999|||y0rusy50 ca | ||
| 101 | 0 | _arus | |
| 102 | _aRU | ||
| 110 | _azu||||||||| | ||
| 200 | 1 |
_aАктуальные проблемы современной социологии и политологии. _eсборник статей _fМГУ им.М.В. Ломоносова, Ин-т переподготовки и повышения квалификации преп. гуманит. и социал. наук |
|
| 210 |
_aМосква _cМАКС Пресс _d2008 - |
||
| 606 |
_aСоциология _jПериодические издания _9893563 _3RU\NLR\AUTH\663357 |
||
| 606 |
_aПолитология _jПериодические издания _91294414 _3RU\NLR\AUTH\66217824 |
||
| 686 | 1 | _aС5я54 | |
| 686 | 1 | _aФ.я54 | |
| 712 | 0 | 2 |
_4570 _aИнститут переподготовки и повышения квалификации преподавателей гуманитарных и социальных наук _cМосква _3RU\NLR\AUTH\889970589 _9437564 |
| 801 | 2 |
_aRU _bNLR _c20080929 _2rusmarc |
|
| 801 | 0 |
_aRU _bNLR _gPSBO |
|
| 801 | 1 |
_aRU _bNLR _c20080918 _2rusmarc |
|
| 852 |
_aNLR _jП22/8809 |
||
| 942 | _cCOLLECTION | ||
| 980 | _aRUSPER | ||